|
|
|
|
| LEADER |
00000nam a2200000 a 4500 |
| 001 |
vtls001413930 |
| 003 |
SK-MaSNL |
| 005 |
20260302035129.0 |
| 008 |
180815s1980 xo a r 0 ger |
| 020 |
|
|
|c b.c.
|
| 035 |
|
|
|a SNK000368656
|
| 040 |
|
|
|a SNK
|b slo
|c SNK
|e AACR2
|
| 041 |
0 |
|
|a ger
|
| 044 |
|
|
|a xo
|c SK
|
| 080 |
|
|
|a 659.132.2
|2 1981
|
| 245 |
1 |
|
|a Kennen sie die Slowakei und die Slowaken?
|b eine Kurzinformation
|
| 260 |
|
|
|a Hamilton
|b Matica slovenská in Ausland
|c [1976]
|
| 300 |
|
|
|a [4] s.
|c 14 cm
|
| 650 |
0 |
7 |
|a materiály informačné
|2 SNK
|9 283411
|
| 958 |
|
|
|a OND
|
| 999 |
|
|
|c 1069389
|d 1071319
|
| 952 |
|
|
|t P60, <03>, [BOOK], {603}
|a SNK
|b SNK
|y PREZ
|7 0
|p 17A0302348
|o snkOSE 3745
|i snkD 798/2001
|0 0
|1 0
|4 0
|d 2001-05-28
|l 0
|r 2005-01-02 00:00:00
|w 2026-02-24
|
| 952 |
|
|
|t P60, <04>, [BOOK], {604}
|a SNK
|b SNK
|y VYP
|7 0
|p 17A0302347
|o snkOSE 3745 D1
|i snkD 799/2001
|0 0
|1 0
|4 0
|d 2001-05-28
|l 0
|r 2005-01-02 00:00:00
|w 2026-02-24
|